Score 0/12 Timer 14:00
0 Plays Today
given surface number % Correct
bajahillionnonillion
83.3%
nontier 1
66.7%
45tier 0
50%
quingentier 2
50%
gazillionquintillion
50%
gijillionseptillion
50%
12,303myrilobillion- trecentatrillion
16.7%
1,330,100,004nano- trigintatrecentamicro- millicenta- quadrillion
16.7%
12,003,450,622,303duodecilopico- trillinano- quinquagintaquadringentamicro- milliduovigintasescenta- tritrecentillion
0%
sexdecinano16 billion
0%
septentrigintasescentapico637 trillion
0%
nonseptuagintacentayocto179 septillion
0%
Remove Ads.
Support Sporcle.
Get the best of Sporcle when you Go Orange. This ad-free experience offers more features, more stats, and more fun while also helping to support Sporcle. Thank you for becoming a member.

You're not logged in!

Compare scores with friends on all Sporcle quizzes.
OR
Log In

Show Comments

Extras

Created Dec 12, 2018ReportNominate
Tags:Editing, million, surface

Top Quizzes Today


Score Distribution

Your Account Isn't Verified!

In order to create a playlist on Sporcle, you need to verify the email address you used during registration. Go to your Sporcle Settings to finish the process.

Report this User

Report this user for behavior that violates our Community Guidelines.

Details: